A militância melancólica ou a figura de autor em José Gomes Ferreira (Registo nº 202806)
[ vista simples ]
| 000 -Etiqueta do registo | |
|---|---|
| Valores | 00697nam 22002053 4500 |
| 010 ## - Número ISBN | |
| ISBN | 978-972-31-1320-4 |
| 021 ## - Número do Depósito Legal | |
| Código do país | Portugal |
| Número | 306948/10 |
| 100 ## - Dados gerais de processamento | |
| Dados gerais | 20260630d u||y0pory50 ba |
| 200 ## - Titulo e menção de responsabilidade | |
| Título próprio | A militância melancólica ou a figura de autor em José Gomes Ferreira |
| Primeira menção de responsabilidade | Carina Infante do Carmo |
| 210 ## - Publicação | |
| Local de publicação | [Lisboa] |
| Nome do editor | Fundação Calouste Gulbenkian |
| Data de publicação | 2010 |
| 215 ## - Descrição física | |
| Paginação / Volumes | 507 p. |
| Outras indicações físicas | brochado |
| Dimensões | 23 cm |
| 225 ## - Colecção | |
| Título próprio da colecção | Textos universitários de ciências sociais e humanas |
| 606 ## - Nome comum usado como assunto | |
| ID Autoridade | 3661 |
| Palavra de ordem | Crítica Literária.Estudos Literários |
| 675 ## - CDU | |
| Notação | 82.09 |
| Edição | PT |
| Língua | por |
| 700 ## - Autor principal (pessoa individual) | |
| ID Autoridade | 17666 |
| Apelido | Carmo |
| Nome | Carina Infante do |
| Datas | 1971- |
| 801 ## - Fonte de origem | |
| País | PT |
| Agência | BMMN |
| Regras de catalogação | RPC |
| 830 ## - Notas gerais do catalogador | |
| Criado por | Vanda |
| 990 ## - Elementos KOHA | |
| Tipo de documento | Livro |
| Situação do levantamento | Biblioteca de origem | Código de barras | Cota | Permissão de empréstimo | Tipo de documento | Forma de aquisição |
|---|---|---|---|---|---|---|
| Biblioteca Municipal de Montemor-o-Novo | 32326 | 82.09 CAR|DEP | Livro | Oferta |